000
00341nam a2200133Ia 4500
008
240624s9999 xx 000 0 und d
041
_a
eng
082
_a
658.8 SHA
100
_a
SHAJAHAN S
245
_a
APPLIED CASE STUDIES IN MARKETING
260
_c
2011
_a
New Delhi
_b
Primus Books
300
_a
xxxiv, : 558 : p. : cm. ; 27
365
_c
RS
999
_c
24242
_d
24242